Luận đề về Nguyễn Du và Truyện Kiều

Sách tuyển chọn những đoạn phê bình tiêu biểu và 21 đề tập làm văn tiêu biểu trong chương trình văn học PT về Truyện Kiều và thơ Nguyễn Du nói chung

Shranjeno v:
Bibliografske podrobnosti
Glavni avtor: Trần Ngọc Hưởng
Format: Knjiga
Jezik:Undetermined
Izdano: Tp. HCM Văn Nghệ 2000
Teme:
Oznake: Označite
Brez oznak, prvi označite!
Thư viện lưu trữ: Trung tâm Học liệu Trường Đại học Cần Thơ
LEADER 00925nam a2200205Ia 4500
001 CTU_39640
008 210402s9999 xx 000 0 und d
082 |a 807 
082 |b H561nd 
100 |a Trần Ngọc Hưởng 
245 0 |a Luận đề về Nguyễn Du và Truyện Kiều 
245 0 |c Trần Ngọc Hưởng 
260 |a Tp. HCM 
260 |b Văn Nghệ 
260 |c 2000 
520 |a Sách tuyển chọn những đoạn phê bình tiêu biểu và 21 đề tập làm văn tiêu biểu trong chương trình văn học PT về Truyện Kiều và thơ Nguyễn Du nói chung 
526 |a Văn học Việt Nam trung đại 2 (nửa cuối thế kỷ XVIII - nửa đầu XIX) 
526 |b SG212 
650 |a vietnamese literature - study and teaching ( secondary ) 
980 |a Trung tâm Học liệu Trường Đại học Cần Thơ